000 00616nmm a2200205Ia 4500
008 251105s9999||||xx |||||||||||||||||und||
020 _a9786071609526
041 _aspa
100 _aHernández, Efrén
245 0 _aObras completas, II :
_b Teatro, crítica
264 _a[México D.C., Mexico] :
_bFondo de Cultura Económica,
_c2013
300 _a596 páginas
490 _aLetras Mexicanas
650 _aLatin American theater
700 _aHernández, Efrén
700 1 _a Toledo, Alejandro
700 1 _a Toledo, Alejandro
856 _uhttps://public.digitaliapublishing.com/a/43349
942 _cCF
999 _c66855
_d66855